Statystyki dla Polscy Raperzy na B

Kliknij tutaj aby rozwiązać quiz!

Ogólne statystyki

  • Ten quiz został rozwiązany 446 razy
  • Średni wynik to 3 z 13

Statystyki odpowiedzi

Raper% Poprawnych
Bedoes
94%
Białas
82%
Borixon
56%
Belmondo
19%
Bonus RPK
19%
Bezczel
16%
Bonson
16%
Buka
15%
Bober
11%
Bonus BGC
9%
Bilon
8%
Baz kałagane
1%
Borzym
1%

Rozkład punktacji

Percentyl według liczby udzielonych odpowiedzi

Procent ludzi z każdym wynikiem

Twoja historia wyników

Nie rozwiązałeś tego quizu